<?xml version="1.0" encoding="UTF-8"?>
<marc:record xmlns:marc="http://www.loc.gov/MARC21/slim">
   <marc:leader>00000nam a2200000 a 4500</marc:leader>
   <marc:datafield ind1="1" ind2=" " tag="100">
      <marc:subfield code="a">Bekker, Alfred</marc:subfield>
      <marc:subfield code="4">aut</marc:subfield>
      <marc:subfield code="e">Verfasser/-in</marc:subfield>
   </marc:datafield>
   <marc:datafield ind1="0" ind2="0" tag="245">
      <marc:subfield code="a">Elbenkinder</marc:subfield>
   </marc:datafield>
   <marc:datafield ind1="0" ind2="0" tag="245">
      <marc:subfield code="c">Alfred Bekker</marc:subfield>
   </marc:datafield>
   <marc:datafield ind1=" " ind2="1" tag="264">
      <marc:subfield code="b">Schneider-Buch Egmont</marc:subfield>
      <marc:subfield code="c">2011</marc:subfield>
   </marc:datafield>
   <marc:datafield ind1="1" ind2=" " tag="520">
      <marc:subfield code="a">Angaben aus der Verlagsmeldung

Elbenkinder, Band 06 : Die Geister der Elben / von Alfred Bekker

Nach Estorien, ins Land der Geister, haben sich Daron und Sarwen noch nie gewagt. Dabei vermuten sie, dass dort ihre geliebten Eltern als gute Totengeister leben. Doch dann erreicht die beiden Elbenkinder ein dringender Hilferuf aus dem fernen Reich. Die bösartigen Maladran rüsten sich zum Angriff, um Estorien zu erobern und seine Einwohner in Ihresgleichen zu verwandeln. Daron und Sarwen müssen all ihre magischen Kräfte aufbieten, um das Geisterreich zu retten. Was sie dabei über ihre Eltern erfahren, übersteigt ihre kühnsten Vorstellungen …
</marc:subfield>
   </marc:datafield>
   <marc:datafield ind1=" " ind2=" " tag="020">
      <marc:subfield code="a">9783505125607</marc:subfield>
      <marc:subfield code="9">9783505125607</marc:subfield>
   </marc:datafield>
   <marc:datafield ind1=" " ind2=" " tag="300">
      <marc:subfield code="a">201 S.</marc:subfield>
   </marc:datafield>
</marc:record>
